Normal view MARC view

Entry Personal Name

Number of records used in: 2

001 - CONTROL NUMBER

  • control field: 16417

003 - CONTROL NUMBER IDENTIFIER

  • control field: OSt

005 - DATE AND TIME OF LATEST TRANSACTION

  • control field: 20211105134034.0

008 - FIXED-LENGTH DATA ELEMENTS

  • fixed length control field: 211105|| aca||aabn | a|a d

040 ## - CATALOGING SOURCE

  • Original cataloging agency: OSt
  • Transcribing agency: OSt

100 ## - HEADING--PERSONAL NAME

  • Personal name: Cornwell, T. J., ed

670 ## - SOURCE DATA FOUND

  • Source citation: Work cat.: (OSt): Workshop on the Use of Supercomputers in Observational Astronomy Organised by the National Radio Astronomy Observatory and the Department of Physics and Astronomy of the University of Minnesota Minneapolis 1985 Nov. 4-6 16416, The use of supercomputers in observational astronomy, 1988

Powered by Koha